000
00317pab a2200145 454500
008
180718b1996 xxu||||| |||| 00| 0 eng d
100
_a
Mishra, Sidharth
245
_a
A legacy of corruption
260
_c
1996
300
_a
p.11
362
_a
21 Sep
650
_a
Corruption
773
_a
Pioneer
909
_a
33180
999
_c
33180
_d
33180